| 000 -LEADER |
| fixed length control field |
00551nam a22001817a 4500 |
| 008 - FIXED-LENGTH DATA ELEMENTS--GENERAL INFORMATION |
| fixed length control field |
210409b ||||| |||| 00| 0 eng d |
| 040 ## - CATALOGING SOURCE |
| Original cataloging agency |
BMS College of Architecture |
| 100 ## - MAIN ENTRY--PERSONAL NAME |
| Personal name |
M, K, Reshmi |
| 245 ## - TITLE STATEMENT |
| Title |
Water sensitive urban design |
| 300 ## - PHYSICAL DESCRIPTION |
| Extent |
254p. |
| 500 ## - GENERAL NOTE |
| General note |
1BM11AHD03 |
| 502 ## - DISSERTATION NOTE |
| Degree type |
M.Arch |
| Name of granting institution |
BMS College of Architecture, Visvesvaraya Technological University |
| Dissertation note |
Dissertation |
| Year degree granted |
2013 |
| 650 ## - SUBJECT ADDED ENTRY--TOPICAL TERM |
| Topical term or geographic name as entry element |
Urban Design |
| 700 ## - ADDED ENTRY--PERSONAL NAME |
| Personal name |
Shanthala V |
| Relator term |
Guide |
| 700 ## - ADDED ENTRY--PERSONAL NAME |
| Personal name |
George Kuruvila |
| Relator term |
Guide |
| 700 ## - ADDED ENTRY--PERSONAL NAME |
| Personal name |
Sudeept Maiti |
| Relator term |
Guide |
| 942 ## - ADDED ENTRY ELEMENTS (KOHA) |
| Source of classification or shelving scheme |
|
| Koha item type |
PG-Thesis and Dissertations |